000 00503nam a2200181Ia 4500
005 20250326142934.0
008 250326s9999 xx 000 0 und d
037 _aTextbook
040 _aFMSL
_beng
_cFMSL
041 _aeng
_2eng
084 _aB44 L9
_qFMSL
100 _aSelby P R
_9746941
245 0 _aUsing graphs and tables: Self-teaching guide
_cSelby P R
260 _aNew York
_bNew York, John Wiley
_c1979
300 _a150p
942 _cTB
_hB44 L9
999 _c1297361
_d1297361